| 000 | 00347cam a2200145ua 4500 | ||
|---|---|---|---|
| 041 |
_aeng _h |
||
| 082 |
_a823.301 _bWES/TA |
||
| 100 | _aWest, Michael . | ||
| 245 |
_aTales of Oscar Wilde / _cMichael West. _hTextual Documents |
||
| 260 |
_aLondon : _bLongman , _c1964. |
||
| 300 | _a92 ; . | ||
| 504 | _a | ||
| 942 | _cBK | ||
| 999 |
_c12849 _d12849 |
||